| 000 | 00363nam a22001337a 4500 | ||
|---|---|---|---|
| 020 | _a81-7214-621-3 | ||
| 082 | _a305.603097 SIN | ||
| 100 | _aSingh, David Emmannul | ||
| 245 | _aApproaches, Foundations, Issues and Models of Interfaith Relation | ||
| 260 |
_aNew Delhi _bISPCK/HMI _c2001 |
||
| 300 | _a409 | ||
| 650 | _aIslam-Relations-Christianity | ||
| 942 | _cEB | ||
| 999 |
_c20410 _d20410 |
||